000 00463cam a2200193ua 4500
001 3940
005 20260515113746.0
008 111209n ii |||gr||||Z||||||asm
040 _cMAIN
082 _a891.4511
100 1 _aChoudhury, Amarjyoti,
245 1 1 _aEtiya tejat
_cby Amarjyoti Choudhury
250 _a1st.
260 _aGuwahati:
_bPrajanma Prakashan,996.
300 _a41p:
_c23cm.
653 _aAssamese poem
653 _aEtiya tejat
942 _cBK
999 _c3760
_d3760